|
|
|
|
| LEADER |
01817nam a2200361 u 4500 |
| 001 |
10118870 |
| 003 |
upatras |
| 005 |
20210117205717.0 |
| 008 |
160125s2008 uk eng |
| 020 |
|
|
|a 9780199231850
|
| 040 |
|
|
|a GR-PaULI
|c GR-PaULI
|
| 041 |
0 |
|
|a eng
|
| 082 |
1 |
4 |
|a 830.9145
|2 22
|
| 100 |
1 |
|
|a Guthenke, Constanze
|4 aut
|9 148502
|
| 245 |
1 |
0 |
|a Placing modern Greece
|b the dynamics of romantic hellenism, 1770 - 1840
|c Constanze Guthenke
|
| 260 |
|
|
|a Oxford
|b Oxford University press
|c c2008
|
| 300 |
|
|
|a viii, 276 p.
|c 22 cm.
|
| 490 |
0 |
|
|a Classical presences
|
| 504 |
|
|
|a Includes bibliographical references and index
|
| 650 |
|
4 |
|a Γερμανική λογοτεχνία
|x Ιστορία και κριτική
|y 18ος αιώνας
|9 132204
|
| 650 |
|
4 |
|a Γερμανική λογοτεχνία
|x Ιστορία και κριτική
|y 19ος αιώνας
|9 80908
|
| 650 |
|
4 |
|a Νεοελληνική ποίηση
|9 2593
|
| 650 |
|
4 |
|a Ρομαντισμός
|x Ιστορία
|y 18ος αι.
|z Γερμανία
|9 148503
|
| 650 |
|
4 |
|a Ρομαντισμός
|x Ιστορία
|y 19ος αι.
|z Γερμανία
|9 148504
|
| 650 |
|
4 |
|a Ιδεαλισμός στη λογοτεχνία
|9 148506
|
| 650 |
|
4 |
|9 148505
|a Ρομαντισμός
|z Ελλάδα
|y 19ος αιώνας
|x Ιστορία
|
| 651 |
|
4 |
|a Ελλάδα
|x Στη λογοτεχνία
|9 33915
|
| 760 |
0 |
|
|a Classical presences
|
| 852 |
|
|
|a GR-PaULI
|b ΠΑΤΡΑ
|b ΦΙΛΟΛΟΓΙΑ
|k ΔΑΝΕΙΖ-6
|h 830.9145 GUT
|m 14450
|p 025000196470
|t 1
|
| 942 |
|
|
|2 ddc
|
| 952 |
|
|
|0 0
|1 0
|2 ddc
|4 0
|6 830_914500000000000_GUT
|7 0
|9 188222
|a LISP
|b LISP
|c BSC
|d 2016-04-24
|i 14450
|l 0
|o 830.9145 GUT
|p 025000196470
|r 2016-04-24 00:00:00
|t 1
|w 2016-04-24
|y BK15
|x Μεταφορά Τμήματος Φιλολογίας
|
| 998 |
|
|
|c ΑΝΔΡΙΚΟΠΟΥΛΟΥ
|d 2016-01
|
| 999 |
|
|
|c 116055
|d 116055
|